000
00283nam a2200109 4500
008
160624b xxu||||| |||| 00| 0 eng d
100
_9
985
_a
Macgregor, A.J
245
_a
Lost at the Fair
260
_a
Eng
_b
Wills & Hepworth Ltd.
_c
1948
300
_a
Lost at the Fair
942
_2
ddc
_c
BK
999
_c
786
_d
786